01023cam a22003013a 4500001000500000005001700005008004100022020002200063020001800085020001500103040004000118050001400158082000800172100002500180245003500205260003500240300004000275490002500315500002600340505000800366520019100374521002000565521002000585650002100605650003700626655003000663655002800693109620230821134013.0981215s1999 nyua c 000 1 eng d a0590762583 (pbk.) a9780590762588 a0439051185 aZABcZABdSLCdOCLdOCLCQdDLCbeng00aPZ7.A6483 aFic1 aApplegate, Katherine14aThe extreme /cK.A. Applegate. aNew York :bScholastic,c1999. a146 pages :billustrations ;c20 cm0 aAnimorphs ;vBook 25 a"An Apple paperback." aO  aWhen the evil Yeerks start wreaking havoc at the North Pole, Marco and the other Animorphs must use their special powers to stop them from taking over one of the coldest places on Earth. a600 bLexile  aO bRaz-Plus  0aScience fiction. 0aMetamorphosisvJuvenile fiction. 7aChildren's stories.2lcsh 7aScience fiction.2gsafd